Statistiques concernant Clubs de football commençant par N

Cliquez ici pour prendre le quiz!

Statistiques générales

  • Ce quiz a été pris 274 fois
  • Le résultat moyen est 8 sur 13

Statistiques - réponses

Réponse% Correct
Nantes
100%
Naples
98%
Newcastle
98%
New York City
89%
Nîmes Olympique
89%
Norwich City
84%
Nottingham Forest
82%
Nancy
78%
Nacional
35%
Nashville SC
26%
Novara Calcio
8%
Newcastle Jets
6%
Necaxa
2%

Distribution des résultats

Percentile par nombre de réponses

% des personnes avec chaque résultat

Votre développement - résultats

Vous n’avez pas pris ce quiz